このメンバー 乃木坂46?日向坂(けやき坂)46?櫻坂(欅坂)46? - Statistics

General Stats
  • This quiz has been taken 87 times
  • The average score is 87 of 100
Answer Stats
Hint Answer % Correct
秋元真夏 乃木坂46
98%
生田絵梨花 乃木坂46
98%
白石麻衣 乃木坂46
97%
西野七瀬 乃木坂46
97%
齋藤飛鳥 乃木坂46
97%
中村麗乃 乃木坂46
97%
深川麻衣 乃木坂46
95%
松村沙友里 乃木坂46
95%
樋口日奈 乃木坂46
95%
山下美月 乃木坂46
95%
梅澤美波 乃木坂46
95%
掛橋沙耶香 乃木坂46
95%
賀喜遥香 乃木坂46
95%
遠藤さくら 乃木坂46
95%
矢久保美緒 乃木坂46
95%
井上和 乃木坂46
95%
平手友梨奈 櫻坂46(欅坂46)
95%
丹生明里 日向坂46(けやき坂46)
95%
小坂菜緒 日向坂46(けやき坂46)
95%
鈴木絢音 乃木坂46
94%
阪口珠美 乃木坂46
94%
清宮レイ 乃木坂46
94%
早川聖来 乃木坂46
94%
冨里奈央 乃木坂46
94%
増本綺良 櫻坂46(欅坂46)
94%
加藤史帆 日向坂46(けやき坂46)
94%
川後陽菜 乃木坂46
92%
能條愛未 乃木坂46
92%
伊藤かりん 乃木坂46
92%
大沼晶保 櫻坂46(欅坂46)
92%
森田ひかる 櫻坂46(欅坂46)
92%
佐々木美玲 日向坂46(けやき坂46)
92%
佐々木久美 日向坂46(けやき坂46)
92%
松田好花 日向坂46(けやき坂46)
92%
上村ひなの 日向坂46(けやき坂46)
92%
高橋未来虹 日向坂46(けやき坂46)
92%
宮地すみれ 日向坂46(けやき坂46)
92%
永島聖羅 乃木坂46
90%
中元日芽香 乃木坂46
90%
北野日奈子 乃木坂46
90%
吉田綾乃クリスティー 乃木坂46
90%
井上梨名 櫻坂46(欅坂46)
90%
遠藤理子 櫻坂46(欅坂46)
90%
高本彩花 日向坂46(けやき坂46)
90%
濱岸ひより 日向坂46(けやき坂46)
90%
正源司陽子 日向坂46(けやき坂46)
90%
若月佑美 乃木坂46
89%
井上小百合 乃木坂46
89%
寺田蘭世 乃木坂46
89%
池田瑛紗 乃木坂46
89%
守屋麗奈 櫻坂46(欅坂46)
89%
齊藤京子 日向坂46(けやき坂46)
89%
川村真洋 乃木坂46
87%
佐藤璃果 乃木坂46
87%
松尾美佑 乃木坂46
87%
川﨑桜 乃木坂46
87%
守屋茜 櫻坂46(欅坂46)
87%
幸阪茉里乃 櫻坂46(欅坂46)
87%
村山美羽 櫻坂46(欅坂46)
87%
宮田愛萌 日向坂46(けやき坂46)
87%
小西夏菜実 日向坂46(けやき坂46)
87%
山下葉留花 日向坂46(けやき坂46)
87%
向井葉月 乃木坂46
86%
菅井友香 櫻坂46(欅坂46)
86%
松田里奈 櫻坂46(欅坂46)
86%
清水理央 日向坂46(けやき坂46)
86%
佐々木琴子 乃木坂46
84%
愛宕心響 乃木坂46
84%
増田三莉音 乃木坂46
84%
土生瑞穂 櫻坂46(欅坂46)
84%
遠藤光莉 櫻坂46(欅坂46)
84%
山下瞳月 櫻坂46(欅坂46)
84%
井口眞緒 日向坂46(けやき坂46)
84%
富田鈴花 日向坂46(けやき坂46)
84%
川端晃菜 乃木坂46
83%
的野美青 櫻坂46(欅坂46)
83%
渡邉理佐 櫻坂46(欅坂46)
81%
柿崎芽実 日向坂46(けやき坂46)
81%
鶴崎仁香 日向坂46(けやき坂46)
81%
勝又はる 櫻坂46(欅坂46)
79%
蔵盛妃那乃 日向坂46(けやき坂46)
79%
柏幸奈 乃木坂46
78%
石森虹花 櫻坂46(欅坂46)
78%
渡辺梨加 櫻坂46(欅坂46)
78%
小田倉麗奈 櫻坂46(欅坂46)
78%
渡邉美穂 日向坂46(けやき坂46)
78%
渡辺莉奈 日向坂46(けやき坂46)
78%
大越ひなの 乃木坂46
76%
齊藤冬優花 櫻坂46(欅坂46)
76%
上村莉菜 櫻坂46(欅坂46)
76%
小津玲奈 乃木坂46
75%
鈴本美愉 櫻坂46(欅坂46)
75%
志田愛佳 櫻坂46(欅坂46)
73%
米谷奈々未 櫻坂46(欅坂46)
73%
坂井新奈 日向坂46(けやき坂46)
73%
織田奈那 櫻坂46(欅坂46)
71%
山田桃実 櫻坂46(欅坂46)
65%
松本和子 櫻坂46(欅坂46)
63%
稲熊ひな 櫻坂46(欅坂46)
62%
松尾桜 日向坂46(けやき坂46)
62%
No matching quizzes found
Score Distribution
Percent of People with Each Score
Percentile by Number Answered
Your Score History
You have not taken this quiz